Datum a čas kvízu
32.5
Celkem bodů
Celkový počet nahraných bodů na tomto kvízu bez doplňovacích otázek.
2.
Pořadí na kvízu
Konečné umístění týmu na tomto kvízu.
Zaznamenané odpovědi
| # | Otázka | Odpověď | Body | Výsledky |
|---|---|---|---|---|
| 1. | Praha plánuje přejmenovat námě... | Boris Němcov | 1 | |
| 2. | Ve Spojených státech začaly mi... | Iowa | 1 | |
| 3. | Obvykle se naše aktuální událo... | Ivan Král | 1 | |
| 4. | Svět mobilních telefonů minulý... | Blackberry | 1 | |
| 5. | Lodivod české mužské basketbal... | Ronen Ginzburg | 0 | |
| 6. | Další díl naší cesty kolem svě... | Ohio, Oklahoma, Oregon | 1 | |
| 7. | Ve kterém roce došlo dne 4. če... | v roce 1776 | 0 | |
| 8. | Fakt, že se ve Spojených státe... | 1B 2A 3C 4D | 1 | |
| 9. | Která řeka "vyřezala" do kraji... | A | 1 | |
| 10. | Ze Spojených států pochází nep... | Katy Perry | 1 |